| Tag |
First Indicator |
Second Indicator |
Subfields |
| LEADER |
00000pam a2200000 a 4500 |
| 001 |
in00001521265 |
| 005 |
20151021171713.0 |
| 008 |
000223s1994 njuab bd 000 0 eng |
| 010 |
|
|
|a 93049521
|
| 015 |
|
|
|a GB94-98073
|
| 019 |
|
|
|a 31816317
|
| 020 |
|
|
|a 0810828456 (alk. paper)
|
| 035 |
|
|
|a (OCoLC)29564750
|
| 040 |
|
|
|a DLC
|c DLC
|d UKM
|d UtOrBLW
|
| 043 |
|
|
|a ncho---
|
| 049 |
|
|
|a TXAM
|
| 050 |
0 |
0 |
|a F1502
|b .M56 1994
|
| 082 |
0 |
0 |
|a 972.83/003
|2 20
|
| 100 |
1 |
|
|a Meyer, Harvey Kessler,
|d 1914-
|
| 245 |
1 |
0 |
|a Historical dictionary of Honduras /
|c by Harvey K. Meyer and Jessie H. Meyer.
|
| 250 |
|
|
|a 2nd ed. rev., enl., and updated.
|
| 264 |
|
1 |
|a Metuchen, N.J. :
|b Scarecrow Press,
|c 1994.
|
| 300 |
|
|
|a xxvi, 708 pages :
|b illustrations, maps ;
|c 23 cm.
|
| 336 |
|
|
|a text
|b txt
|2 rdacontent
|
| 337 |
|
|
|a unmediated
|b n
|2 rdamedia
|
| 338 |
|
|
|a volume
|b nc
|2 rdacarrier
|
| 490 |
1 |
|
|a Latin American historical dictionaries series ;
|v no. 25
|
| 504 |
|
|
|a Includes bibliographical references (pages [689]-708).
|
| 651 |
|
0 |
|a Honduras
|x History
|x Dictionaries.
|
| 651 |
|
4 |
|a Honduras
|x History
|x Dictionaries.
|
| 653 |
0 |
|
|a Honduras
|a History
|
| 700 |
1 |
|
|a Meyer, Jessie H.
|q (Jessie Hamm),
|d 1911-
|
| 830 |
|
0 |
|a Latin American historical dictionaries ;
|v no. 25.
|
| 994 |
|
|
|a E0
|b TXA
|
| 948 |
|
|
|a cataloged
|b h
|c 2000/6/23
|d c
|e blrosas
|f 11:24:23 am
|
| 999 |
|
|
|a MARS
|
| 999 |
f |
f |
|s 23175ba1-7450-3b55-b40c-6004bb863c8d
|i 14beebd0-327a-3a7b-b167-34b93fa16a9f
|t 0
|
| 952 |
f |
f |
|p ric
|a Texas A&M University
|b Rellis Campus
|c Joint Library Facility
|d Remote Storage
|t 0
|e F1502 .M56 1994
|h Library of Congress classification
|i unmediated -- volume
|m A14825475358
|
| 998 |
f |
f |
|a F1502 .M56 1994
|t 0
|l Remote Storage
|